| 000 | 01355aam a2200313 i 4500 | ||
|---|---|---|---|
| 001 | 768714001 | ||
| 003 | CO-MdFUSB | ||
| 005 | 20230127172601.0 | ||
| 007 | ta | ||
| 008 | 230127t2002 ck |||| |||| 00| 0 spa d | ||
| 020 | _q[No incluye ISBN] | ||
| 040 |
_bspa. _aCO-MdFUSB _cCO-MdFUSB _dCO-MdFUSBC _erda |
||
| 041 | _aspa | ||
| 082 | 0 | 4 |
_223 _a320.5 _bM912r |
| 100 | 1 |
_aMosquera Brand, Fernando A. (Abilio) _eautor |
|
| 245 | 1 | 0 |
_aRelación de continuidad y de discontinuidad entre la antropología y la física política hobbesianas _c/ Fernando Abilio Mosquera Brand |
| 264 | 1 |
_aMedellín, Colombia : FUSBC _bSeminario Bíblico de Colombia, _c[2002] |
|
| 264 | 4 | _c© 2002 | |
| 300 |
_a351 páginas _c; 20 cm |
||
| 336 |
_atexto _btxt _2rdacontent |
||
| 337 |
_2rdamedia _asin mediación _bn |
||
| 338 |
_2rdacarrier _avolumen _bnc |
||
| 500 | _aEl Doctor Fernando Abilo Mosquera es docente de la FUSBC | ||
| 505 | _aI. Antropología y física política: El sujeto y su condición epistemológica -- Virtudes del hombre II. Física política: Contrato social y obligación política -- El estado -- Soberano y soberanía III. Antropología y arquitectónica política: relación de continuidad -- Relación de ruptura. IV. Reacción de los críticos. | ||
| 563 | _aRústico | ||
| 650 | 7 |
_aFilosofía _97168 |
|
| 942 | _cBK | ||
| 945 | _aJTF-925 | ||
| 999 |
_c42800 _d42800 |
||